<?xml version="1.0" encoding="UTF-8"?>
<record
    xmlns:xsi="http://www.w3.org/2001/XMLSchema-instance"
    xsi:schemaLocation="http://www.loc.gov/MARC21/slim http://www.loc.gov/standards/marcxml/schema/MARC21slim.xsd"
    xmlns="http://www.loc.gov/MARC21/slim">

  <leader>00862cam4a220024100 4500</leader>
  <controlfield tag="001">qce02608361</controlfield>
  <controlfield tag="005">20190826084100.0</controlfield>
  <controlfield tag="008">820128s1955    nyuac         000 0 eng d</controlfield>
  <datafield tag="035" ind1=" " ind2=" ">
    <subfield code="a">(Sirsi) r59137</subfield>
  </datafield>
  <datafield tag="035" ind1=" " ind2=" ">
    <subfield code="a">(QCAT)lss04956400</subfield>
  </datafield>
  <datafield tag="035" ind1=" " ind2=" ">
    <subfield code="a">(UPRA)qce02608361</subfield>
  </datafield>
  <datafield tag="040" ind1=" " ind2=" ">
    <subfield code="d">UPRA</subfield>
  </datafield>
  <datafield tag="060" ind1="0" ind2=" ">
    <subfield code="a">W1</subfield>
    <subfield code="b">PR584XN 1954</subfield>
  </datafield>
  <datafield tag="100" ind1="1" ind2=" ">
    <subfield code="a">Hoch, Paul H., 1902-</subfield>
    <subfield code="d">Hoch, Paul H., 1902-</subfield>
    <subfield code="6">A10788.1</subfield>
  </datafield>
  <datafield tag="245" ind1="1" ind2="0">
    <subfield code="a">Psychopathology of childhood /</subfield>
    <subfield code="c">ed. by Paul H. Hoch and Joseph Zubin.</subfield>
  </datafield>
  <datafield tag="260" ind1=" " ind2=" ">
    <subfield code="a">New York :</subfield>
    <subfield code="b">Grune &amp; Stratton,</subfield>
    <subfield code="c">1955.</subfield>
  </datafield>
  <datafield tag="440" ind1=" " ind2="0">
    <subfield code="a">Proceedings of the annual meeting of the American Psychopathological Association ;</subfield>
    <subfield code="v">44th, 1954</subfield>
    <subfield code="6">S2814.1</subfield>
  </datafield>
  <datafield tag="500" ind1=" " ind2=" ">
    <subfield code="a">Reprint of 1962.</subfield>
  </datafield>
  <datafield tag="504" ind1=" " ind2=" ">
    <subfield code="a">Includes bibliographies.</subfield>
  </datafield>
  <datafield tag="700" ind1="1" ind2=" ">
    <subfield code="a">Zubin, Joseph, 1900-</subfield>
    <subfield code="d">Zubin, Joseph, 1900-</subfield>
    <subfield code="6">A10789.1</subfield>
  </datafield>
  <datafield tag="949" ind1=" " ind2=" ">
    <subfield code="a">RC326</subfield>
    <subfield code="w">lcc</subfield>
    <subfield code="i">-77557</subfield>
    <subfield code="m">MAIN</subfield>
    <subfield code="t">BOOK</subfield>
    <subfield code="l">ON-SHELF</subfield>
  </datafield>
  <controlfield tag="004">59137</controlfield>
  <datafield tag="999" ind1=" " ind2=" ">
    <subfield code="c">156870</subfield>
    <subfield code="d">156870</subfield>
  </datafield>
</record>
